000 00764nam a2200253 i 4500
999 _c65053
_d65053
001 768714001
003 CO-MdFUSB
005 20190516170506.0
008 190516t2018 ck def|| |||| 00| 0 spa d
020 _a[No incluye ISBN]
040 _aCO-MdFUSB
_bspa
_cCO-MdFUSB
_dCO-MdFUSBC
_erda
041 _aspa
082 _a306
_bP438
100 _aPérez Gutiérrez, Luis,
_eautor
245 _aErrores constructivos de hidroituango
_c/ Luis Pérez Gutiérrez
264 1 _aMedellín, Colombia :
_bGobernación de Antioquia,
_c[2018]
300 _a313 páginas
_c; 24 cm
336 _2rdacontent
_atexto
_btxt
337 _2rdamedia
_asin mediación
_bn
338 _2rdacarrier
_avolumen
_bnc
563 _aRústico
650 7 _2sears
_93
_aCultura
942 _cBK